000 00629nam a22002057a 4500
999 _c10832
_d10832
003 AR-CdUCM
008 190402b ||||| |||| 00| 0 spa d
040 _aMUNICIPALIDAD PROVINCIAL DEL CUSCO
_cBIBLIOTECA MUNICIPAL DEL CUSCO
082 _a869.56 /
_bT73T / 1932
100 _aTorres Araníbar, Luis G.
_927875
245 _aLa tragedia de los Keshwas :
_bNovela andina /
260 _aArequipa :
_bTip. Quiroz,
_c1932.
300 _a184 páginas ;
_c17 cm.
505 _aContenido: Novela.
650 _aNovelas Peruanas
_9545
650 _aSiglo XX
_98
650 _aLiteratura
_983
942 _2ddc
_cLIBROS
945 _aachl